| 000 | 00515nam a2200181Ia 4500 | ||
|---|---|---|---|
| 003 | GCL | ||
| 008 | 140319s9999 xx 000 0 eng d | ||
| 040 |
_aGCL / _cGCL |
||
| 082 | 0 | 4 |
_a005.713 _bH L |
| 100 | 1 | _aHILL,R.C. | |
| 245 | 1 | 0 |
_aLEARNING SAS: ACOMPUTER HANBOOK FOR ECONOMETRICS / _cHILL,R.C. |
| 260 |
_a[S.N] : _bJOHN WILEY AND SONS. INC ، _c1993 |
||
| 300 | _a388 P | ||
| 650 | 0 | 4 | _aتقوية الذاكرة |
| 650 | 0 | 4 | _aCOMPUTER - PROGRAMMERS |
| 650 | 0 | 4 | _aCOMPUTER - PROGRAMMING |
| 942 |
_2ddc _cBK |
||
| 999 |
_c16815 _d16815 |
||